Inorganic chromatographic analysis /

Hlavní autor: Michal, Jan
Jazyk: Angličtina
Vydáno: London : Van Nostrand Reinhold, 1973
Edice: Series in analytical chemistry
Fyzický popis: 10, 217 s.
Knihy
Uloženo v:
LEADER 00700nam a2200217 a 4500
001 000614264
003 CZ BrMZK
005 20040429092559.0
007 ta
008 020801s1973 xxk f eng d
040 |a BOA001  |b cze  |c BOA001 
100 1 |a Michal, Jan  |7 jk01081419  |4 aut 
245 1 0 |a Inorganic chromatographic analysis /  |c Jan Michal 
260 |a London :  |b Van Nostrand Reinhold,  |c 1973 
300 |a 10, 217 s. 
490 1 |a Series in analytical chemistry 
504 |a Obsahuje bibliografie 
830 0 |a Series in analytical chemistry 
910 |a BOA001  |b 2-0706.994 
990 |a BK 
996 7 |b 2619351452  |c 2-0706.994  |l Sklad H1  |r Sklad / do 24 hodin  |n 0  |h HS212  |w 000614264  |u 000010  |a 1  |e BOA001  |j MZK50  |s A